Normal view
MARC view
Entry Personal Name
001 - CONTROL NUMBER
- control field: 82025
003 - CONTROL NUMBER IDENTIFIER
- control field: OSt
005 - DATE AND TIME OF LATEST TRANSACTION
- control field: 20231105163055.0
008 - FIXED-LENGTH DATA ELEMENTS
- fixed length control field: 231105|| aca||aabn | a|a d
040 ## - CATALOGING SOURCE
- Original cataloging agency: OSt
- Transcribing agency: OSt
100 ## - HEADING--PERSONAL NAME
- Personal name: संजय गुप्ता
670 ## - SOURCE DATA FOUND
- Source citation: Work cat.: (OSt)66333: संजय गुप्ता, मध्य प्रदेश लोक सेवा आयोग मुख्य परीक्षा दर्पण कम्प्यूटर (प्रश्न पत्र 3 इकाई 4) , 2020









